Камень-на-Оби: прошлое и настоящее (Запись № 207449)

Подробности
000 -МАРКЕР
контрольное поле 01762nam0a2200325 4500
001 - ИДЕНТИФИКАТОР ЗАПИСИ
контрольное поле RU\NLR\bibl\950839
005 - ИДЕНТИФИКАТОР ВЕРСИИ
контрольное поле 20260406183251.0
010 ## - МЕЖДУНАРОДНЫЙ СТАНДАРТНЫЙ НОМЕР КНИГИ (ISBN)
Номер (ISBN) 5-9749-0003-0
Тираж 1000
021 ## - НОМЕР ГОСУДАРСТВЕННОЙ РЕГИСТРАЦИИ
Код страны Российская Федерация
Номер 2006-32450
Номер Листа государственной регистраци 1622
035 ## - ДРУГИЕ СИСТЕМНЫЕ НОМЕРА
Идентификатор записи (NLR Aleph) 000938944
100 ## - ДАННЫЕ ОБЩЕЙ ОБРАБОТКИ
Данные общей обработки 20060518d2005 |||y0rusy50 ca
101 0# - ЯЗЫК РЕСУРСА
Язык текста, звукозаписи и т.д. русский
102 ## - СТРАНА ПУБЛИКАЦИИ ИЛИ ПРОИЗВОДСТВА
Страна публикации Российская Федерация
105 ## - ПОЛЕ КОДИРОВАННЫХ ДАННЫХ: ТЕКСТОВЫЕ МАТЕРИАЛЫ, МОНОГРАФИЧЕСКИЕ
Кодированные данные о монографическом текстовом документе a |||||||||
200 1# - ЗАГЛАВИЕ И СВЕДЕНИЯ ОБ ОТВЕТСТВЕННОСТИ
Основное заглавие Камень-на-Оби: прошлое и настоящее
Сведения, относящиеся к заглавию [сборник документов]
Первые сведения об ответственности Упр. архив. дела администрации Алт. края, Муницип. образование гор. округа "Город Камень-на-Оби"
Последующие сведения об ответственности [редкол.: ...В.А. Скубневский (д.и.н., проф., науч. ред.), В.И. Шейнова]
210 ## - ПУБЛИКАЦИЯ, РАСПРОСТРАНЕНИЕ И ДР.
Место издания, распространения и т.д. Барнаул
Имя издателя, распространителя и т. д. Агентство рекламных технологий - АРТ
Дата издания, распространения и т.д. 2005
215 ## - ФИЗИЧЕСКАЯ ХАРАКТЕРИСТИКА
Специфическое обозначение материала и объем 551 с.
Другие сведения о физической характеристике ил., цв. портр., факс.
Размеры 21
320 ## - ПРИМЕЧАНИЯ О НАЛИЧИИ В ДОКУМЕНТЕ БИБЛИОГРАФИИ / УКАЗАТЕЛЯ
Текст примечания Камень-на Оби: библиогр. указ. / В.П. Колбунова, Н.А. Воробьева: с. 499-528 (389 назв.)
320 ## - ПРИМЕЧАНИЯ О НАЛИЧИИ В ДОКУМЕНТЕ БИБЛИОГРАФИИ / УКАЗАТЕЛЯ
Текст примечания Имен. указ.: с. 529-531
607 ## - ГЕОГРАФИЧЕСКОЕ НАИМЕНОВАНИЕ КАК ПРЕДМЕТ
Географическое наименование Камень-на-Оби, город (Алтайский край)
Формальный подзаголовок Документы и материалы
Тематический подзаголовок История
Системный номер авторитетной/нормативной записи 2428750
Идентификатор авторитетной/нормативной записи RU\NLR\auth\661445817
686 ## - ИНДЕКСЫ ДРУГИХ КЛАССИФИКАЦИЙ
Индекс Т3(2Р-4Ал-2К)
702 #1 - ИМЯ ЛИЦА - ВТОРИЧНАЯ ОТВЕТСТВЕННОСТЬ
Материалы, к которым относится поле rus
Графика поля Кириллица
Начальный элемент ввода Скубневский
Часть имени, кроме начального элемента ввода В. А.
Даты 1945-
Расширение инициалов личного имени Валерий Анатольевич
Идентификатор авторитетной/нормативной записи RU\NLR\auth\776129
Системный номер авторитетной/нормативной записи 116084
712 01 - НАИМЕНОВАНИЕ ОРГАНИЗАЦИИ - ВТОРИЧНАЯ ОТВЕТСТВЕННОСТЬ
Код отношения Прочие
Начальный элемент ввода Алтайский край
Структурное подразделение Управление архивного дела
Идентификатор авторитетной/нормативной записи RU\NLR\AUTH\889948391
Системный номер авторитетной/нормативной записи 392373
801 #0 - ИСТОЧНИК ЗАПИСИ
Страна Российская Федерация
Организация NLR
Дата составления 20060518
Правила каталогизации rcr
801 #1 - ИСТОЧНИК ЗАПИСИ
Страна Российская Федерация
Организация NLR
Дата составления 20060518
942 ## - ДОПОЛНИТЕЛЬНЫЕ ЭЛЕМЕНТЫ ЗАПИСИ (АБИС)
Тип экземпляра АБИС Книга
980 ## - КОЛЛЕКЦИЯ
Название коллекции Национальная библиография
980 ## - КОЛЛЕКЦИЯ
Название коллекции НБР
Экземпляры
Тип экземпляра Дата поступления Источник поступления Стоимость Библиотека постоянного хранения Библиотека текущего хранения Место хранения Шифр хранения Штрих-код Статус экземпляра
Книга 18.05.2006 Дар 120.00 РНБ (Московский) РНБ (Московский) Русский книжный фонд: издания с 1957 года 2006-3/14070 1-1103425  
Книга 31.07.2006 Обязательный экземпляр   РНБ (Московский) РНБ (Московский) Русский книжный фонд: издания с 1957 года 2006-3/14070 2235244